Strengthening potato value chains : (Record no. 14775)

000 -LEADER
fixed length control field 00573cam a2200169Ia 4500
020 ## - INTERNATIONAL STANDARD BOOK NUMBER
ISBN 9251066272
020 ## - INTERNATIONAL STANDARD BOOK NUMBER
ISBN 9789251066270
040 ## - CATALOGING SOURCE
Transcribing agency NLGGC
082 ## - DEWEY DECIMAL CLASSIFICATION NUMBER
Classification number 338 FOO 2010 A068 Or.
245 00 - TITLE STATEMENT
Title Strengthening potato value chains :
Remainder of title technical and policy options for developing countries /
260 ## - PUBLICATION, DISTRIBUTION, ETC. (IMPRINT)
Place of publication Rome :
Name of publisher Food and Agriculture Organization of the United Nations and the Common Fund for Commodities,
Year of publication c2010.
300 ## - PHYSICAL DESCRIPTION
Number of Pages 148 p. :
Other physical details col. ill., col. maps ;
Dimensions 25 cm.
650 #0 - SUBJECT ADDED ENTRY--TOPICAL TERM
Topical Term Potato industry
650 #0 - SUBJECT ADDED ENTRY--TOPICAL TERM
Topical Term Potatoes
700 1# - ADDED ENTRY--PERSONAL NAME
Personal name Cromme, Nicolaus.
942 ## - ADDED ENTRY ELEMENTS (KOHA)
Koha item type សៀវភៅភាសាអង់គ្លេស
952 ## - LOCATION AND ITEM INFORMATION (KOHA)
Withdrawn status [LOCAL, KOHA] 0
Holdings
Permanent Location Date acquired Koha item type Lost status Shelving location Barcode Current Location Full call number
Library Block A2017-10-25សៀវភៅភាសាអង់គ្លេស A068A19822Library Block A338 FOO 2010 A068 Or.
មជ្ឈមណ្ឌលឯការនៃសាកលវិទ្យាល័យភូមិន្ទកសិកម្មចំការដូង

Powered by Koha